<?xml version="1.0" encoding="UTF-8"?><?xml-stylesheet type="text/xsl" href="static/style.xsl"?><OAI-PMH xmlns="http://www.openarchives.org/OAI/2.0/" xmlns:xsi="http://www.w3.org/2001/XMLSchema-instance" xsi:schemaLocation="http://www.openarchives.org/OAI/2.0/ http://www.openarchives.org/OAI/2.0/OAI-PMH.xsd"><responseDate>2026-04-27T14:34:22Z</responseDate><request verb="GetRecord" identifier="oai:uvadoc.uva.es:10324/30968" metadataPrefix="marc">https://uvadoc.uva.es/oai/request</request><GetRecord><record><header><identifier>oai:uvadoc.uva.es:10324/30968</identifier><datestamp>2021-06-29T21:42:26Z</datestamp><setSpec>com_10324_38</setSpec><setSpec>col_10324_852</setSpec></header><metadata><record xmlns="http://www.loc.gov/MARC21/slim" xmlns:doc="http://www.lyncode.com/xoai" xmlns:xsi="http://www.w3.org/2001/XMLSchema-instance" xmlns:dcterms="http://purl.org/dc/terms/" xsi:schemaLocation="http://www.loc.gov/MARC21/slim http://www.loc.gov/standards/marcxml/schema/MARC21slim.xsd">
<leader>00925njm 22002777a 4500</leader>
<datafield tag="042" ind1=" " ind2=" ">
<subfield code="a">dc</subfield>
</datafield>
<datafield tag="720" ind1=" " ind2=" ">
<subfield code="a">Ruiz Urdiales, Carlos</subfield>
<subfield code="e">author</subfield>
</datafield>
<datafield tag="260" ind1=" " ind2=" ">
<subfield code="c">2018</subfield>
</datafield>
<datafield tag="520" ind1=" " ind2=" ">
<subfield code="a">El presente trabajo hace referencia a cuatro maneras de resolver conflictos, encaminadas a intentar que las partes no lleguen a la vía judicial, por lo tanto evitar así los gastos que se generan por esa vía y la pérdida de tiempo e intentar llegar a un entendimiento entre las partes. Los diferentes modelos que se relacionan, Mediación, Arbitraje, Conciliación y Transacción, tienen como objetivo común la resolución del conflicto, pero la búsqueda y desarrollo de tal fin se realiza de forma diferente.La resolución alternativa de conflictos son métodos de solución de problemas que surgen entre partes enfrentadas. Con ellos se pretende dar solución a los mismos sin llegar a la vía judicial. Para ello terceras personas ajenas a las partes enfrentadas ayudarán a aproximar posturas que propicien una solución pactada y aceptada por los enfrentados y así no llegar a la vía judicial, o cerrar ésta si ya ha comenzado.</subfield>
</datafield>
<datafield tag="024" ind2=" " ind1="8">
<subfield code="a">http://uvadoc.uva.es/handle/10324/30968</subfield>
</datafield>
<datafield tag="245" ind1="0" ind2="0">
<subfield code="a">Resolución alternativa de conflictos</subfield>
</datafield>
</record></metadata></record></GetRecord></OAI-PMH>